000 00609cam a22002052 4500
001 0000000382
005 20151217151748.0
008 070126s xx 000 0 eng d
020 _a0851116590 :
040 _aKABU
_cKABU
050 0 _aBL313
_b.S26
100 1 _aSampson, Philip.
_@0000148548
245 1 0 _aSix modern myths challenging Christian faith /
_cPhilip Sampson.
260 _aLeicester, England :
_bInteruniversity Press,
_c2000.
300 _a184 p.
650 0 _aMythology (Comparative)
_@0000148549
908 _a070126
950 _@1
999 _c4760
_d4760